| 000 | 00816cam a22002411i 4500 | ||
|---|---|---|---|
| 003 | SA-RiAUC | ||
| 005 | 20250129052509.0 | ||
| 008 | 250129s2002 mk g 000 0 ara c | ||
| 040 |
_aOM-MuSQU _bara _cSA-RiAUC _erda |
||
| 082 | 0 | 4 | _a254.1 |
| 090 |
_a254.1 _bخ ل ي |
||
| 100 | 1 |
_aالخليلي، أحمد بن حمد، _d1942- _eمؤلف. |
|
| 245 | 1 | 0 |
_aفتاوى النكاح / _cأحمد بن حمد بن سليمان الخليلي. |
| 264 | 1 |
_aمسقط : _bالأجيال، _c2002 |
|
| 300 |
_aمجلد، _b24 سم. |
||
| 336 |
_aنص _btxt _2rdacontent _3كتاب |
||
| 337 |
_aبدون وسيط _bn _2rdamedia |
||
| 338 |
_aمجلد _bnc _2rdacarrier |
||
| 590 | _aالعزري. | ||
| 650 | 7 |
_aالزواج (فقه إسلامي) _2aucsh |
|
| 942 |
_2ddc _cBOOK |
||
| 949 |
_aSA-JeALM _d250129 _ukhaled123 _n1 |
||
| 999 |
_c5356 _d5356 |
||